header

Identity in Northern Ireland (Record no. 1268)

MARC details
000 -LEADER
fixed length control field 01383nam a2200361 a 4500
082 04 - DEWEY DECIMAL CLASSIFICATION NUMBER
Classification number 320.941609049
100 1# - MAIN ENTRY--AUTHOR NAME
Personal name McCall, Cathal,
245 10 - TITLE STATEMENT
Title Identity in Northern Ireland
260 ## - PUBLICATION, DISTRIBUTION, ETC. (IMPRINT)
Place of publication Basingstoke :
Name of publisher Macmillan,
Year of publication 1999.
300 ## - PHYSICAL DESCRIPTION
Number of Pages xviii, 230 p.
650 #0 - SUBJECT ADDED ENTRY--TOPICAL TERM
Topical Term Nationalism
856 40 - ELECTRONIC LOCATION AND ACCESS
Uniform Resource Identifier http://site.ebrary.com/lib/rucke/Doc?id=5001659

No items available.

© 2026 Rongo University
Contact us: librarian | system librarian | Rongo university